000
00306nam a2200121 a 4500
001
000046418
005
20201002052845.0
008
150811s1986 000 spa d
040
_a
DO-SdBNP
_b
spa
_c
BNPHU
245
0
_a
Fuerza de liberación popular.
260
_a
[s.l.],
_c
1986.
300
_a
20 p. ;
_c
21 cm.
999
_c
45907
_d
45907